Culture Générale - Série 2466 - Statistiques

Statistiques générales
  • Ce quiz a été pris 162 fois
  • Le résultat moyen est 4 sur 10
Statistiques - réponses
Question Réponse % Correct
Quelle est la capitale du Qatar ? Doha
83%
Quelle est la capitale de l'Arabie Saoudite ? Riyad
82%
De quelle nationalité est la chanteuse, comédienne et danseuse Aurore Delplace ? voir photo belge
66%
Quelle est la préfecture de l'Eure ? Evreux
50%
Sous quel nom connait-on mieux le bandit de grand chemin Louis Dominique Garthausen ou Bourguignon ?. Un film de Philippe de Broca réalisé en1962 avec Jean-Paul Belmondo dans le rôle du personnage, porte son nom. Cartouche
36%
Le mythe de l'amour impossible est représenté par le couple moyenâgeux Héloïse et ... Abelard
31%
Unité de mesure utilisée dans le monde de l'hôtellerie pour comptabiliser la fréquentation de la clientèle dans un établissement nuitée
19%
Cette infection est aussi appelée compère loriot orgelet
16%
C'est une mauvaise odeur qui persiste - 6 lettres finissant par " t " relent
16%
Personnage-type de la commedia dell'arte, dont le nom signifie « petit batailleur » Scaramouche
5%
Aucun quiz correspondant
Distribution des résultats
% des personnes avec chaque résultat
Percentile par nombre de réponses
Votre historique - résultats
Vous n’avez pas pris ce quiz